LEADER 01140nam--2200349---450- 001 990001752540203316 005 20051014084057.0 035 $a000175254 035 $aUSA01000175254 035 $a(ALEPH)000175254USA01 035 $a000175254 100 $a20040614d1968----km-y0itay0103----ba 101 0 $ager 102 $aDE 105 $a||||||||001yy 200 1 $aAglaophamus$edrei Bucher uber die Grundlagen der Mysterienreligion der Griechen mit einer Sammlung der Fragmente der orphischen Dichter$fChristian August Lobeck 210 $aDarmstadt$cWissenschaftlich e Buchgesellshaft$d1968 215 $a2 v. (X, 1392 p. compless.)$d21 cm 410 0$12001 454 1$12001 461 1$1001-------$12001 700 1$aLOBECK,$bChristian August$0186210 801 0$aIT$bsalbc$gISBD 912 $a990001752540203316 951 $aV.1.B. 168/1(VIII A 232 I)$b39858 L.M.$cVIII A 951 $aV.1.B. 168/2(VIII A 232 II)$b39859 L.M.$cVIII A 959 $aBK 969 $aUMA 979 $aSIAV6$b10$c20040614$lUSA01$h1341 979 $aCOPAT3$b90$c20051014$lUSA01$h0840 996 $aAglaophamus$9555255 997 $aUNISA LEADER 00843nam a2200241 i 4500 001 991003691989707536 005 20020509130515.0 008 000220s1971 it ||| | ita 035 $ab11200005-39ule_inst 035 $aPARLA186738$9ExL 040 $aDip.to Filosofia$bita 082 0 $a370.109 100 1 $aAngelone, Corradino$0108350 245 13$aIl messaggio educativo di Ovidio Decroly /$cCorradino Angelone 260 $aNapoli :$bGuida,$c1971 300 $a183 p. ;$c19 cm. 650 4$aDecroly, Ovide 907 $a.b11200005$b21-09-06$c01-07-02 912 $a991003691989707536 945 $aLE005IF XXIX F 2$g1$i2005000108440$lle005$o-$pE0.00$q-$rl$s- $t0$u1$v0$w1$x0$y.i11350556$z01-07-02 996 $aMessaggio educativo di Ovidio Decroly$9871145 997 $aUNISALENTO 998 $ale005$b01-01-00$cm$da $e-$fita$git $h3$i1